<?xml version="1.0" encoding="UTF-8"?>
<record
    xmlns:xsi="http://www.w3.org/2001/XMLSchema-instance"
    xsi:schemaLocation="http://www.loc.gov/MARC21/slim http://www.loc.gov/standards/marcxml/schema/MARC21slim.xsd"
    xmlns="http://www.loc.gov/MARC21/slim">

  <leader>01695nam a22001697a 4500</leader>
  <controlfield tag="008">200123b        xxu||||| |||| 00| 0 eng d</controlfield>
  <datafield tag="020" ind1=" " ind2=" ">
    <subfield code="a">9780199228270</subfield>
  </datafield>
  <datafield tag="050" ind1=" " ind2=" ">
    <subfield code="a">KRX540.O34</subfield>
  </datafield>
  <datafield tag="100" ind1=" " ind2=" ">
    <subfield code="a">Webley, Lisa.</subfield>
  </datafield>
  <datafield tag="245" ind1=" " ind2=" ">
    <subfield code="a">Public law: text cases and materials. /</subfield>
    <subfield code="c">Lisa Webley and Harriet Samuels.</subfield>
  </datafield>
  <datafield tag="260" ind1=" " ind2=" ">
    <subfield code="a">New York :</subfield>
    <subfield code="b">Oxford University Press,</subfield>
    <subfield code="c">2009.</subfield>
  </datafield>
  <datafield tag="300" ind1=" " ind2=" ">
    <subfield code="a">xli, 740 p. :</subfield>
    <subfield code="c">27 cm.</subfield>
  </datafield>
  <datafield tag="500" ind1=" " ind2=" ">
    <subfield code="a">Includes index.</subfield>
  </datafield>
  <datafield tag="505" ind1=" " ind2=" ">
    <subfield code="a">Contents: Introduction and constitutional principles: What is public law -- Constitutional organizations, institutions and roles -- The nature of the British constitution -- The rule of law -- The separation of powers -- The crown and royal prerogative -- Parliamentary supremacy: Parliamentary supremacy: the theory -- Membership of the European union -- Human rights -- Devolution -- Responsible government: Executive power and accountability -- The role of constitutional conventions -- The parliamentary commissioner for administration -- Judicial review: The role of the courts, judicial review and human rights -- The parties to judicial review: who can make a claim for judicial review and against whom can a claim for judicial review be made -- Illegality -- Irrationality and proportionality -- Procedural impropriety -- Remedies -- A case study: human rights, terrorism, and public law principles -- Judicial review: The role of the courts, judicial review, and Human Rights -- Public bodies and public authorities -- The relevance of standing -- Illegality -- Irrationality and proportionality -- Procedural impropriety -- Remedies -- Judicial review: putting it all together in problem answers.</subfield>
  </datafield>
  <datafield tag="700" ind1=" " ind2=" ">
    <subfield code="a">Samuels, Harriet.</subfield>
  </datafield>
  <datafield tag="942" ind1=" " ind2=" ">
    <subfield code="2">lcc</subfield>
    <subfield code="c">BK</subfield>
  </datafield>
  <datafield tag="999" ind1=" " ind2=" ">
    <subfield code="c">6995</subfield>
    <subfield code="d">14495</subfield>
  </datafield>
  <datafield tag="952" ind1=" " ind2=" ">
    <subfield code="0">0</subfield>
    <subfield code="1">0</subfield>
    <subfield code="2">lcc</subfield>
    <subfield code="4">0</subfield>
    <subfield code="7">0</subfield>
    <subfield code="a">WIUC-1</subfield>
    <subfield code="b">WIUC-1</subfield>
    <subfield code="c">LL</subfield>
    <subfield code="d">2020-01-23</subfield>
    <subfield code="l">0</subfield>
    <subfield code="o">KRX540.O34</subfield>
    <subfield code="p">2730/034/20</subfield>
    <subfield code="r">2020-01-23 00:00:00</subfield>
    <subfield code="t">1</subfield>
    <subfield code="w">2020-01-23</subfield>
    <subfield code="y">BK</subfield>
  </datafield>
  <datafield tag="952" ind1=" " ind2=" ">
    <subfield code="0">0</subfield>
    <subfield code="1">0</subfield>
    <subfield code="2">lcc</subfield>
    <subfield code="4">0</subfield>
    <subfield code="7">0</subfield>
    <subfield code="a">WIUC-1</subfield>
    <subfield code="b">WIUC-1</subfield>
    <subfield code="c">LL</subfield>
    <subfield code="d">2020-01-23</subfield>
    <subfield code="l">0</subfield>
    <subfield code="o">KRX540.O341</subfield>
    <subfield code="p">2731/035/20</subfield>
    <subfield code="r">2020-01-23 00:00:00</subfield>
    <subfield code="t">2</subfield>
    <subfield code="w">2020-01-23</subfield>
    <subfield code="y">BK</subfield>
  </datafield>
</record>
